Years served as US president - Statistics

General Stats
  • This quiz has been taken 73 times
  • The average score is 40 of 46
Answer Stats
Hint Answer % Correct
Zachary taylor 1
98%
warren harding 2
93%
Millard fillmore 3
90%
john F kennedy 3
90%
gerald ford 3
90%
john adams 4
90%
john Quincy adams 4
90%
martin van buren 4
90%
john tyler 4
90%
James K polk 4
90%
Franklin pierce 4
90%
James buchanan 4
90%
Abraham lincoln 4
90%
Andrew johnson 4
90%
rutherford hayes 4
90%
chester arthur 4
90%
grover cleveland 4
90%
Benjamin harrison 4
90%
grover cleveland 4
90%
William mckinley 4
90%
William Howard taft 4
90%
Herbert hoover 4
90%
jimmy carter 4
90%
george H.W bush 4
90%
donald trump 4
90%
Joe biden 4
90%
Richard nixon 5
90%
Calvin coolidge 6
90%
Lyndon b johnson 6
90%
george washington 8
90%
Thomas jefferson 8
90%
James madison 8
90%
James monroe 8
90%
Andrew jackson 8
90%
Ulysses S grant 8
90%
theodore roosevelt 8
90%
Woodrow wilson 8
90%
harry truman 8
90%
Dwight eisenhower 8
90%
Ronald reagen 8
90%
bill clinton 8
90%
george W bush 8
90%
barack obama 8
90%
Franklin Delano roosevelt 12
88%
James garfield 6 months
10%
William henry harrison 32 days
5%
No matching quizzes found
Score Distribution
Percent of People with Each Score
Percentile by Number Answered
Your Score History
You have not taken this quiz